| 000 | 00504nam a2200169Ia 4500 | ||
|---|---|---|---|
| 999 |
_c29490 _d29490 |
||
| 003 | OSt | ||
| 005 | 20210101114108.0 | ||
| 008 | 190216s9999||||xx |||||||||||||| ||und|| | ||
| 040 | _coclc | ||
| 082 |
_a954.83 _bMUL/K |
||
| 100 |
_aMulamthuruthi, Saji _98068 |
||
| 245 | 0 |
_aKerala Padangal Kerala Padanangal / _cSaji Mulamthuruthi |
|
| 260 |
_bCentre For Social Studies, _aThrissur: _c2008. |
||
| 300 | _a91p | ||
| 650 | _aPadanam | ||
| 942 |
_cBK _2ddc _h954.83 _iMUL/K _k954.83 _mMUL/K |
||